Statistics for 'Stan' Countries Categorized

Click here to take the quiz!

General Stats

  • This quiz has been taken 178 times
  • The average score is 38 of 56

Answer Stats

Categorization'Stan' Country% Correct
AlphabeticalAfghanistan
98%
AlphabeticalKazakhstan
96%
AlphabeticalKyrgyzstan
93%
AlphabeticalUzbekistan
93%
AlphabeticalPakistan
92%
AlphabeticalTurkmenistan
92%
Largest AreaKazakhstan
91%
AlphabeticalTajikistan
91%
Largest AreaPakistan
88%
Largest AreaAfghanistan
87%
Largest AreaTurkmenistan
87%
Largest AreaUzbekistan
87%
Largest AreaKyrgyzstan
85%
Largest Pop.Pakistan
85%
Largest AreaTajikistan
85%
Largest Pop.Kazakhstan
83%
Largest Pop.Turkmenistan
83%
Largest Pop.Afghanistan
82%
Largest Pop.Kyrgyzstan
82%
Largest Pop.Uzbekistan
82%
Largest Pop.Tajikistan
81%
Pop. DensityPakistan
80%
Pop. DensityUzbekistan
76%
Pop. DensityKazakhstan
75%
Pop. DensityTurkmenistan
74%
Pop. DensityAfghanistan
73%
Pop. DensityKyrgyzstan
73%
Pop. DensityTajikistan
73%
Name LengthPakistan
63%
Capital Pop.Afghanistan
59%
Name LengthKazakhstan
57%
Capital AlphabeticalTurkmenistan
57%
Capital AlphabeticalKazakhstan
56%
Capital Pop.Kazakhstan
56%
Capital AlphabeticalAfghanistan
55%
Name LengthKyrgyzstan
55%
Capital Pop.Kyrgyzstan
55%
Capital AlphabeticalKyrgyzstan
55%
Capital AlphabeticalPakistan
55%
Capital Pop.Pakistan
55%
Capital AlphabeticalTajikistan
55%
Name LengthTajikistan
55%
Capital Pop.Turkmenistan
55%
Name LengthTurkmenistan
55%
Capital Pop.Uzbekistan
55%
Capital AlphabeticalUzbekistan
55%
Name LengthUzbekistan
55%
Name LengthAfghanistan
54%
Capital Pop.Tajikistan
54%
Capital LengthAfghanistan
47%
Capital LengthPakistan
46%
Capital LengthKazakhstan
45%
Capital LengthKyrgyzstan
45%
Capital LengthTurkmenistan
42%
Capital LengthTajikistan
41%
Capital LengthUzbekistan
41%

Score Distribution

Percentile by Number Answered

Percent of People with Each Score

Your Score History

You have not taken this quiz